[Event "Regionalliga SW 1314"]
[Site "Bayern"]
[Date "2014.01.19"]
[Round "5.7"]
[White "Loos, Stephan"]
[Black "Strobl, Frank"]
[Result "1-0"]
[WhiteElo "2005"]
[BlackElo "1917"]
[PlyCount "67"]
[EventDate "2013.10.13"]
[EventType "team-tourn"]
[EventRounds "9"]
[EventCountry "GER"]
[SourceTitle "EXT 2015"]
[Source "ChessBase"]
[SourceDate "2014.11.20"]
[SourceVersion "1"]
[SourceVersionDate "2014.11.20"]
[SourceQuality "1"]
[WhiteTeam "Bayern Muenchen III"]
[BlackTeam "Muenchen RTA"]
[WhiteTeamCountry "GER"]
[BlackTeamCountry "GER"]

1. d4 Nf6 2. c4 c5 3. d5 e6 4. Nc3 exd5 5. cxd5 d6 6. e4 g6 7. f4 Bg7 8. Nf3 0-0 9. Be2 Na6 10. 0-0 Nc7 11. a4 b6 12. Re1 Bb7 13. Bc4 a6 14. h3 Qd7 15. Qd3 Rfe8 16. Rb1 Rab8 17. b4 cxb4 18. Rxb4 b5 19. axb5 axb5 20. Bxb5 Nxb5 21. Qxb5 Qc7 22. Qc4 Qe7 23. Qb3 Nd7 24. Na4 Ba6 25. Ba3 Rec8 26. e5 Rxb4 27. Qxb4 Rc4 28. Qa5 Bb7 29. Bxd6 Qe8 30. Qb5 Qc8 31. e6 fxe6 32. dxe6 Nf6 33. Nb6 Ba6 34. Qxc4 1-0

[Event "Regionalliga SW 1314"]
[Site "Bayern"]
[Date "2013.10.13"]
[Round "1.5"]
[White "Strobl, Frank"]
[Black "Luft, Martin"]
[Result "1/2-1/2"]
[WhiteElo "1917"]
[BlackElo "2068"]
[PlyCount "42"]
[EventDate "2013.10.13"]
[EventType "team-tourn"]
[EventRounds "9"]
[EventCountry "GER"]
[SourceTitle "EXT 2015"]
[Source "ChessBase"]
[SourceDate "2014.11.20"]
[SourceVersion "1"]
[SourceVersionDate "2014.11.20"]
[SourceQuality "1"]
[WhiteTeam "Muenchen RTA"]
[BlackTeam "Haar"]
[WhiteTeamCountry "GER"]
[BlackTeamCountry "GER"]

1. e4 d5 2. exd5 Qxd5 3. Nc3 Qd6 4. d4 Nf6 5. Nf3 c6 6. Ne5 e6 7. Bf4 Qd8 8. Be2 Be7 9. 0-0 0-0 10. Qd3 b6 11. Ne4 Bb7 12. Rad1 Nd5 13. Bd2 Nd7 14. c4 N5f6 15. Nxf6+ Nxf6 16. Bf3 Qc8 17. Bc3 Rd8 18. Qe2 Qc7 19. Rfe1 Bf8 20. b3 Rac8 21. Ng4 Be7 1/2-1/2

[Event "Regionalliga SW 1213"]
[Site "Bayern"]
[Date "2013.04.14"]
[Round "9.6"]
[White "Strobl, Frank"]
[Black "Haas, Peter"]
[Result "1/2-1/2"]
[WhiteElo "1925"]
[BlackElo "2076"]
[PlyCount "46"]
[EventDate "2012.10.14"]
[EventType "team-tourn"]
[EventRounds "9"]
[EventCountry "GER"]
[SourceTitle "EXT 2015"]
[Source "ChessBase"]
[SourceDate "2014.11.20"]
[SourceVersion "1"]
[SourceVersionDate "2014.11.20"]
[SourceQuality "1"]
[WhiteTeam "Muenchen RTA"]
[BlackTeam "Sendling"]
[WhiteTeamCountry "GER"]
[BlackTeamCountry "GER"]

1. e4 e5 2. Nf3 Nc6 3. d4 exd4 4. Nxd4 Bb4+ 5. c3 Bc5 6. Be3 Bb6 7. g3 d5 8. Nxc6 bxc6 9. Bxb6 axb6 10. exd5 Qxd5 11. Qxd5 cxd5 12. Bg2 Nf6 13. c4 0-0 14. Nc3 Re8+ 15. Kd2 Rd8 16. cxd5 Nxd5 17. Nxd5 Be6 18. Kc3 Bxd5 19. Bxd5 Rxd5 20. Rhd1 Rc5+ 21. Kb3 Rb5+ 22. Kc2 Rc5+ 23. Kb3 Rb5+ 1/2-1/2

[Event "Regionalliga SW 1213"]
[Site "Bayern"]
[Date "2012.12.09"]
[Round "4.6"]
[White "Schlinkmeier, Karsten"]
[Black "Strobl, Frank"]
[Result "1-0"]
[WhiteElo "2114"]
[BlackElo "1925"]
[PlyCount "45"]
[EventDate "2012.10.14"]
[EventType "team-tourn"]
[EventRounds "9"]
[EventCountry "GER"]
[SourceTitle "EXT 2015"]
[Source "ChessBase"]
[SourceDate "2014.11.20"]
[SourceVersion "1"]
[SourceVersionDate "2014.11.20"]
[SourceQuality "1"]
[WhiteTeam "Garching II"]
[BlackTeam "Muenchen RTA"]
[WhiteTeamCountry "GER"]
[BlackTeamCountry "GER"]

1. d4 Nf6 2. Bf4 c5 3. c3 b6 4. e3 g6 5. Nf3 Bg7 6. h3 Bb7 7. Bd3 0-0 8. Nbd2 cxd4 9. exd4 d6 10. Qe2 Nbd7 11. 0-0 Re8 12. Bh2 Qc7 13. Rfe1 Rac8 14. a4 Nb8 15. Ng5 Qd7 16. a5 e5 17. dxe5 dxe5 18. axb6 axb6 19. Red1 Qc6 20. Nde4 Nxe4 21. Bxe4 Qc7 22. Bxb7 Qxb7 23. Ne4 1-0

[Event "Regionalliga SW 1213"]
[Site "Bayern"]
[Date "2012.11.25"]
[Round "3.7"]
[White "Mattes, Heinz"]
[Black "Strobl, Frank"]
[Result "1-0"]
[WhiteElo "1955"]
[BlackElo "1925"]
[PlyCount "117"]
[EventDate "2012.10.14"]
[EventType "team-tourn"]
[EventRounds "9"]
[EventCountry "GER"]
[SourceTitle "EXT 2015"]
[Source "ChessBase"]
[SourceDate "2014.11.20"]
[SourceVersion "1"]
[SourceVersionDate "2014.11.20"]
[SourceQuality "1"]
[WhiteTeam "Muenchen Siemens"]
[BlackTeam "Muenchen RTA"]
[WhiteTeamCountry "GER"]
[BlackTeamCountry "GER"]

1. d4 Nf6 2. Nf3 c5 3. d5 e6 4. c4 exd5 5. cxd5 d6 6. Nc3 g6 7. h3 Bg7 8. Bf4 0-0 9. e3 a6 10. a4 Ne8 11. Be2 Nd7 12. 0-0 Qe7 13. Qc2 Rb8 14. Rfd1 Nc7 15. Qe4 Bf6 16. Qxe7 Bxe7 17. Ne4 Ne8 18. a5 Ndf6 19. Nxc5 Nc7 20. Bc4 Bf5 21. Na4 Rfd8 22. Nc3 Bd7 23. e4 Nh5 24. Bh2 f6 25. Nd4 b5 26. axb6 Rxb6 27. b3 Ng7 28. Ra5 Kf8 29. Rda1 Ra8 30. Na4 Bxa4 31. R1xa4 Rab8 32. Nc6 R8b7 33. Bf4 f5 34. e5 dxe5 35. Bxe5 Nge8 36. Bd4 Rxb3 37. Bxb3 Rxb3 38. Nxe7 Kxe7 39. Bc5+ Kd7 40. Bb4 Rb1+ 41. Kh2 Nf6 42. f3 Nfxd5 43. Ba3 Ke6 44. Rc4 Rb6 45. Rc2 Kd7 46. Rd2 Ke6 47. Re2+ Kd7 48. h4 Rc6 49. Re5 Nf6 50. Re7+ Kd8 51. Rf7 Ncd5 52. Bb2 Ke8 53. Ra7 Ne7 54. Re5 Nd7 55. Ba3 Nxe5 56. Rxe7+ Kd8 57. Rxe5 h5 58. Rd5+ Kc7 59. Rc5 1-0

[Event "Staufer op 22nd"]
[Site "Schwaebisch Gmuend"]
[Date "2010.01.04"]
[Round "7"]
[White "Hoenick, Andreas"]
[Black "Strobl, Frank"]
[Result "1-0"]
[WhiteElo "2211"]
[BlackElo "2065"]
[PlyCount "55"]
[EventDate "2010.01.02"]
[EventType "swiss"]
[EventRounds "9"]
[EventCountry "GER"]
[SourceTitle "CBM 134 Extra"]
[Source "ChessBase"]
[SourceDate "2010.03.03"]
[SourceVersion "1"]
[SourceVersionDate "2010.03.03"]
[SourceQuality "1"]

1. d4 Nf6 2. c4 c5 3. d5 b5 4. cxb5 a6 5. bxa6 g6 6. Nc3 Bxa6 7. g3 d6 8. Bg2 Bg7 9. Nf3 Nbd7 10. Rb1 Nb6 11. b3 Bc8 12. e4 Ba6 13. Bf1 Bxf1 14. Kxf1 0-0 15. Bb2 Ra6 16. Kg2 Qa8 17. Re1 Rb8 18. Qc2 Ne8 19. a4 Nc7 20. Nd1 c4 21. Bxg7 Kxg7 22. Ne3 f5 23. exf5 Ncxd5 24. Nxd5 Nxd5 25. bxc4 Rxb1 26. Qxb1 Nf6 27. Rxe7+ Kf8 28. Rb7 1-0